[Event "Far East Bank op"]
[Site "Manila"]
[Date "1990.05.30"]
[Round "3"]
[White "Merlas, Andrew"]
[Black "Arguelles, Efren"]
[Result "1-0"]
[WhiteElo "1982"]
[BlackElo "2134"]
[PlyCount "69"]
[EventDate "1990.05.28"]
[EventType "swiss"]
[EventRounds "11"]
[EventCountry "PHI"]
[SourceTitle "EXT 2015"]
[Source "ChessBase"]
[SourceDate "2014.11.20"]
[SourceVersion "1"]
[SourceVersionDate "2014.11.20"]
[SourceQuality "1"]

1. d4 Nf6 2. c4 e6 3. g3 d5 4. Bg2 Nbd7 5. Nf3 c6 6. 0-0 Bd6 7. Nc3 0-0 8. Qc2 h6 9. e4 Nxe4 10. Nxe4 dxe4 11. Qxe4 Re8 12. Bf4 Qc7 13. Bxd6 Qxd6 14. Rfd1 b6 15. b4 Bb7 16. c5 Qc7 17. Ne5 Nxe5 18. dxe5 Rad8 19. Rd6 bxc5 20. bxc5 Qa5 21. Qd4 Rxd6 22. exd6 Qd8 23. d7 Re7 24. Rd1 e5 25. Qd6 Re6 26. Qd2 Re7 27. Bh3 Ba6 28. Qd6 Kh7 29. Qxe7 Qxe7 30. d8Q Qxc5 31. Bf5+ g6 32. Bc8 Be2 33. Re1 Bc4 34. Qf6 e4 35. Rxe4 1-0